000 01079nam a2200277 i 4500
001 bg
245 0 0 _aKształtowanie ładu przestrzennego polskich metropolii w procesie transformacji ustrojowej III RP /
_cpod red. Jerzego Kołodziejskiego i Tomasza Parteki.
260 _aWarszawa :
_bKPZK,
_c2001.
300 _a318 s. :
_bfot., pl. ;
_c21 cm.
490 1 _aBiuletyn / Polska Akademia Nauk. Komitet Przestrzennego Zagospodarowania Kraju,
_x0079-3493 ;
_vZ. 193
504 _aBibliogr. przy art.
650 9 _aPlanowanie przestrzenne
_zPolska
650 9 _aMiasta
_xgospodarka
_zPolska
650 9 _aUrbanistyka
_zPolska
650 9 _aTransformacja systemu społeczno-gospodarczego
_zPolska
700 1 _aKOŁODZIEJSKI, Jerzy.
_eRed.
700 1 _aPARTEKA, Tomasz.
_eRed.
830 0 _aBiuletyn (Polska Akademia Nauk. Komitet Przestrzennego Zagospodarowania Kraju) ;
_vZ. 193
020 _a8390977540
040 _cBPK
041 0 _apl
080 _a711:316.422](438)"1989/..."
920 _a83-909775-4-0
942 _cKS
008 s pl f |000 0 pol
999 _c39569
_d39569
856 _uhttp://koha.tu.koszalin.pl/cgi-bin/koha/opac-detail.pl?biblionumber=39569
_yKatalog online BPK